| 000 | 00947nam a22002051i 4500 | ||
|---|---|---|---|
| 001 | 181142 | ||
| 003 | ES-MaACL | ||
| 005 | 20250907063132.0 | ||
| 008 | 121024s1910 sp |||| | spa d | ||
| 100 | 1 |
_aCampo y Cerdán, Angel del, _d1881-1944 _934224 |
|
| 245 | 1 | 0 |
_aMétodos de análisis de alimentos _b: memoria presentada ... / _cpor Ángel del Campo y Cerdán. |
| 260 |
_a[Madrid : _bJunta para Ampliación de Estudios e Investigaciones Científicas, _c1910] |
||
| 300 |
_aP. 311-490 ; _c23 cm. |
||
| 490 | 1 |
_aAnales de la Junta para Ampliación de Estudios e Investigaciones Científicas ; _vt. 2, memoria 6 |
|
| 650 | 0 | 4 |
_aAlimentos- _xAnálisis. _99734 |
| 710 | 2 |
_aJunta para la Ampliación de Estudios e Investigaciones Científicas. _95413 |
|
| 830 | 0 |
_aAnales de la Junta para Ampliación de Estudios e Investigaciones Científicas ; _vt. 2, memoria 6 _9186710 |
|
| 852 |
_aES-MaACL _jB-13158(6) |
||
| 999 |
_c181142 _d181142 |
||